00377nam a2200145Ia 4500003000400000008004100004040001600045082001500061100002300076245005200099700001600151260004200167300000800209650001400217GCL140319s9999 xx 000 0 eng d aGCL / cGCL04a646.6bS P1 aEROSS, KIM JOHNSON10aPACKING : BAGS TO TRUAKS / cEROSS, KIM JOHNSON1 aSTONE, JEFF a[S.N] : bTHAMES AND HUDSON ، c1994 a10404aPACKAGING